000 01106nam a2200289 i 4500
001 115006
003 ES-MaACL
005 20251013215838.0
007 t|
008 070216s1941 sp ||||1| spa d
100 1 _aHubert, Henri.
_964497
245 1 4 _aLos celtas y la expansión céltica hasta la época de La Téne /
_cpor Henri Hubert ; revisada y publicada por Marcel Mauss, R. Lantier, Jean Marx ; traducción de Luis Pericot García y Mercedes Montañola Garriga.
250 _a1ª ed.
260 _aBarcelona :
_bCervantes,
_c1941.
300 _aXXV, 440 p. ;
_c22 cm.
490 1 _aLa evolución de la humanidad ;
_v21
500 _aCon 12 mapas y 43 figuras en el texto y 4 láminas.
650 4 _aCivilización celta.
_911092
700 1 _aMauss, Marcel.
_979284
700 1 _aLantier, Raymond,
_d1886-1980
_970103
700 1 _aMarx, Jean.
_978589
700 1 _aPericot, Luis,
_d1899-1978
_991262
700 1 _aMontañola Garriga, Mercedes.
_982403
830 0 _aLa evolución de la humanidad ;
_v21
_9185926
852 _aES-MaACL
_jC-29097
999 _c115006
_d115006